| 000 | 01003nam a2200241 i 4500 | ||
|---|---|---|---|
| 001 | 106474 | ||
| 003 | ES-MaACL | ||
| 005 | 20250830232242.0 | ||
| 007 | t| | ||
| 008 | 221106s1962 sp ||||1| spa d | ||
| 080 | _a327(73) | ||
| 100 | 1 |
_aCalvo Serer, Rafael, _d1916-1988 _933911 |
|
| 245 | 1 | 3 |
_aLa política mundial de los Estados Unidos / _cRafael Calvo Serer. |
| 260 |
_aMadrid : _bAteneo, _c1962. |
||
| 300 |
_a64 p. ; _c19 cm. |
||
| 490 | 1 |
_aColección "O crece o muere" ; _v171-172 |
|
| 500 | _aEste trabajo fue dado a conocer -en su parte principal- por su autor en la conferencia celebrada en la Sociedad Valenciana de Agricultura, el día 26 de junio de 1961, bajo el título de "Los cien primeros días de la Administración Kennedy" | ||
| 651 | 4 |
_aEstados Unidos- _xPolítica exterior- _yS.XX _98551 |
|
| 710 | 2 |
_aAteneo de Madrid. _91875 |
|
| 830 | 0 | 0 |
_aColección "O crece o muere" _v171-172 _9183476 |
| 852 |
_aES-MaACL _j2208-F-13 _bR.138058 |
||
| 999 |
_c106474 _d106474 |
||